000
00229nam a22000857a 4500
008
160713b xxu||||| |||| 00| 0 eng d
100
_9
2735
_a
Irwin, M., et al
245
_a
The Moon is not Enough
260
_a
Michigan
_b
Zondervan
_c
1981
999
_c
2376
_d
2376